000 01130nam a22002537a 4500
005 20170124103124.0
010 _aB-050177
020 _c140.00
_a8126306467
035 _aB-050177
037 _bCen Lib/Ret
040 _aDPL
_bHN
082 _a181.4
_bदेवरा
100 _aदेवराज
_9500
245 _aदर्शन, धर्म-अध्यात्म और संस्कृति /
_cदेवराज
246 _aDarshan, dharma-adhyatma aur samskriti /
_bby Devraj
260 _aनयी दिल्ली
_bभारतीय ज्ञानपीठ
_c2001
270 _bनयी दिल्ली
_a18, इंस्टीट्युशनल एरिया, लोधी रोड
_e110003
300 _a176पृ.
_c21सेमी (सजिल्द)
650 _aदार्शनिक चिन्तन मूलक निबंध
_982587
650 _aधर्म अध्यात्मता
_93310
650 _aOriented philosophical essay
_982588
650 _aReligion Adhyatmta
_982589
942 _2ddc
_cHN
_h181.4
_mदेवरा
999 _c118935
_d118935